000 00340nam a2200121Ia 4500
008 230627s9999 xx 000 0 und d
041 _aeng
082 _a342.540 85
_bDAS
100 _aDas B. K
245 _aNegligence : Medical And Non-medical With Legal Remedies
260 _aAllahabad
_bSodhi Publications
_c1997
700 _a Sodhi S.,
999 _c702709
_d702709